| 000 | 01149nam a2200289 i 4500 | ||
|---|---|---|---|
| 001 | 88990 | ||
| 003 | ES-MaACL | ||
| 005 | 20230906180015.0 | ||
| 007 | t| | ||
| 008 | 050121s2004 sp ||||1| spa d | ||
| 020 | _a84-95394-64-2 | ||
| 080 | _a929 Isabel I, Reina de España | ||
| 080 | _a929 Fernando V, Rey de España | ||
| 080 | _a946.0288"14/15"(093) | ||
| 100 | 1 |
_aCarrilero Martínez, Ramón. _935754 |
|
| 245 | 1 | 4 |
_aLos Reyes Católicos en la documentación albacetense (1476-1504) _b: fondo del archivo histórico provincial / _cRamón Carrilero Martínez. |
| 260 |
_aAlbacete : _bInstituto de Estudios Albacetenses "Don Juan Manuel", _c2004. |
||
| 300 |
_a306 p. ; _c24 cm. |
||
| 490 | 1 |
_aSerie O-- Corpus, documenta y bibliografía ; _v19 |
|
| 600 | 0 | 4 |
_aIsabel _bI, _cReina de Castilla. _9175419 |
| 600 | 1 | 4 |
_aFernando _bV _cRey de España. _950204 |
| 651 | 4 |
_aAlbacete (Provincia)- _xHistoria- _yS.XV-XVI- _vFuentes. _97636 |
|
| 710 | 2 |
_aInstituto de Estudios Albacetenses. _94884 |
|
| 830 | 0 |
_aSerie O-- Corpus, documenta y bibliografía ; _v19 _9231860 |
|
| 852 |
_aES-MaACL _jL-28620 _bR.134899 |
||
| 999 |
_c88990 _d88990 |
||